[Event "EU-ch 22nd"]
[Site "Terme Catez"]
[Date "2022.04.04"]
[Round "9"]
[White "Samadov, Read"]
[Black "Baklan, Vladimir"]
[Result "1/2-1/2"]
[WhiteElo "2375"]
[BlackElo "2591"]
[PlyCount "40"]
[EventDate "2022.03.27"]
[EventType "swiss"]
[EventRounds "11"]
[EventCountry "SLO"]
[SourceTitle "CBM 208"]
[Source "ChessBase"]
[SourceDate "2022.06.30"]
[SourceVersion "1"]
[SourceVersionDate "2022.06.30"]
[SourceQuality "1"]

1. d4 d6 2. g3 g6 3. Bg2 Bg7 4. Nf3 Nf6 5. 0-0 0-0 6. b3 a6 7. Bb2 b5 8. a4 Bb7 9. axb5 axb5 10. Rxa8 Bxa8 11. Qd3 Be4 12. Qxb5 Bxc2 13. Nbd2 Bf5 14. Rc1 Ne4 15. Nxe4 Bxe4 16. Qa5 c6 17. Qa4 Nd7 18. Nd2 Bxg2 19. Kxg2 c5 20. Nf3 Qc7 1/2-1/2

[Event "EU-ch 22nd"]
[Site "Terme Catez"]
[Date "2022.04.01"]
[Round "6"]
[White "Baklan, Vladimir"]
[Black "Stoyanov, Tsvetan"]
[Result "0-1"]
[WhiteElo "2591"]
[BlackElo "2424"]
[PlyCount "70"]
[EventDate "2022.03.27"]
[EventType "swiss"]
[EventRounds "11"]
[EventCountry "SLO"]
[SourceTitle "CBM 208"]
[Source "ChessBase"]
[SourceDate "2022.06.30"]
[SourceVersion "1"]
[SourceVersionDate "2022.06.30"]
[SourceQuality "1"]

1. e4 c5 2. Nf3 d6 3. d4 cxd4 4. Nxd4 Nf6 5. Nc3 a6 6. h3 e6 7. g4 Nfd7 8. g5 b5 9. a3 Bb7 10. h4 Nc6 11. Be3 Be7 12. Rh3 Rc8 13. f4 Nc5 14. Qe2 Qc7 15. f5 Ne5 16. Bf2 h6 17. Rd1 Qd7 18. Bg3 Nc4 19. b4 e5 20. Ndxb5 Nxe4 21. Nxe4 axb5 22. Nc5 Qc6 23. Nxb7 Qxb7 24. gxh6 Rxh6 25. Bg2 Qd7 26. Be4 Kf8 27. Bf2 Nb2 28. Rd5 Rc4 29. Kf1 Na4 30. Qe1 Bd8 31. Rhd3 Bb6 32. Rxe5 Bxf2 33. Qxf2 Qc8 34. Rxb5 Rxe4 35. Qa7 Re8 0-1